000 00801nam a2200181Ia 4500
008 090124s9999 xx 000 0 und d
082 _b13612
100 _aचित्राव सिध्देश्र्वरशास्त्री
245 _a अर्वाचीन चरित्रकोश
250 _a0
260 _bसिध्देश्र्वरशास्त्री चित्राव
_c1946
300 _a600
600 _aचित्राव सिध्देश्र्वरशास्त्री
630 _a अर्वाचीन चरित्रकोश
700 _aचित्राव सिध्देश्र्वरशास्त्री
730 _a अर्वाचीन चरित्रकोश
942 _cBOOK
999 _c87647
_d87647